Online
Catalog

Los microprocesadores intel : (Record no. 1456)

MARC details
000 -CABECERA
campo de control de longitud fija 01226cam a2200277 a 4500
001 - NÚMERO DE CONTROL
campo de control 000001554
005 - FECHA Y HORA DE LA ÚLTIMA TRANSACCIÓN
campo de control 20200929145622.0
008 - DATOS DE LONGITUD FIJA--INFORMACIÓN GENERAL
campo de control de longitud fija 930209s1995 mx ad 001 0 spa
020 ## - NÚMERO INTERNACIONAL ESTÁNDAR DEL LIBRO
Número Internacional Estándar del Libro 9688804819
041 17 - CÓDIGO DE LENGUA
Código de lengua del texto/banda sonora o título independiente eng
Código de lengua original spa
Código de lengua del texto/banda sonora o título independiente códico de idioma marc
082 ## - NÚMERO DE LA CLASIFICACIÓN DECIMAL DEWEY
Número de clasificación 004.165
Número de documento/Ítem B848m, 1995
040 ## - FUENTE DE LA CATALOGACIÓN
Centro catalogador/agencia de origen DO-SdBNP
100 1# - ENTRADA PRINCIPAL--NOMBRE DE PERSONA
Nombre de persona Brey, Barry B.
9 (RLIN) 5103
240 10 - TÍTULO UNIFORME
Título uniforme The Intel microprocessors: 8086/8088, 80186, 80286, 80386, and 80486 : architecture, programming, and interfacing.
Lenguaje de la obra Español
245 14 - MENCIÓN DE TÍTULO
Título Los microprocesadores intel :
Resto del título 8086/8088, 80186, 80286, 80386 y 80486: arquitectura, programación e interfaces /
Mención de responsabilidad, etc. Barry B. Brey ; traducción de Francisco Gutiérrez Noriega.
250 ## - MENCIÓN DE EDICIÓN
Mención de edición 3a ed.
260 ## - PUBLICACIÓN, DISTRIBUCIÓN, ETC.
Lugar de publicación, distribución, etc. México :
Nombre del editor, distribuidor, etc. Pearson Educación,
Fecha de publicación, distribución, etc. 1995.
300 ## - DESCRIPCIÓN FÍSICA
Extensión xv, 837 p. :
Otras características físicas il., tablas ;
Dimensiones 24 cm.
534 ## - NOTA SOBRE LA VERSIÓN ORIGINAL
Frase introductoria Título original:
Mención de título del original The Intel microprocessors: 8086/8088, 80186, 80286, 80386, and 80486 : architecture, programming, and interfacing
650 #4 - PUNTO DE ACCESO ADICIONAL DE MATERIA--TÉRMINO DE MATERIA
Término de materia o nombre geográfico como elemento de entrada Intel 8086 (microprocesador)
9 (RLIN) 5104
650 #4 - PUNTO DE ACCESO ADICIONAL DE MATERIA--TÉRMINO DE MATERIA
Término de materia o nombre geográfico como elemento de entrada Intel 8088 (microprocesador)
9 (RLIN) 5105
650 #4 - PUNTO DE ACCESO ADICIONAL DE MATERIA--TÉRMINO DE MATERIA
Término de materia o nombre geográfico como elemento de entrada Intel 80xxx series microprocesadores
9 (RLIN) 5106
700 1# - PUNTO DE ACCESO ADICIONAL--NOMBRE DE PERSONA
Nombre de persona Gutiérrez Noriega, Francisco,
Término indicativo de función/relación tr.
9 (RLIN) 5107
910 ## - DATOS DE OPCIÓN DEL USUARIO (OCLC)
Datos de opción del usuario Catalogación por copia / LC
910 ## - DATOS DE OPCIÓN DEL USUARIO (OCLC)
Datos de opción del usuario WM
Holdings
Estado de retiro Estado de pérdida Restricciones de uso No para préstamo Código de colección Localización permanente Ubicación/localización actual Ubicación en estantería Fecha de adquisición Número de inventario Total de préstamos Signatura topográfica completa Código de barras Fecha visto por última vez Precio válido a partir de Tipo de ítem Koha Número de copia
    Préstamo interno   Monografías: Libros y Folletos General General Depósito 03.07.2009 LF1   004.165 B848m, 1995 1554-10 25.06.2020 25.06.2020 Préstamo interno  
    Préstamo restringido Préstamo restrigido Monografías: Libros y Folletos General General Depósito 03.07.2009 LF1   004.165 B848m, 1995 1554-20 25.06.2020 25.06.2020 Préstamo interno e.2
    Préstamo interno   Monografías: Libros y Folletos General General Depósito 19.10.2009 LF1   004.165 B848m, 1995 1554-30 25.06.2020 25.06.2020 Préstamo interno e.3

Powered by Koha